00973nam a2200241 a 4500001001000000005001700010008004100027020003100068041000800099044000700107050002200114100004600136245013000182260003600312300001700348440001500365505013800380650005200518650005600570650003400626650004500660700002600705BRCA_843620190320210258.0800918s1984####sp-######b---#000-u#spa-# a8420698113 (Obra completa) aspa asp 4aPQ6323b.C47 19841 aCervantes Saavedra, Miguel ded1547-1616.10aEl Ingenioso Hidalgo Don Quijote de la ManchacMiguel de Cervantes Saavedra ; introducción y notas de Joaquín Casalduero. aMadridbAlianza Editorialc1984 a2 v.c18 cm. 0aClásicos0 aContenido : v.1. El ingenioso hidalgo Don Quijote de la Mancha (1605). -- v.2. El ingenioso caballero Don Quijote de la Mancha (1615)14aNovela españolayÉpoca clásica, 1500-170014aLiteratura españolayÉpoca clásica, 1500-170014aNovela españolaySiglo XVII14aDon Quijote (Personaje ficticio)vNovela1 aCasalduero, Joaquín